000 00839nam a22001937a 4500
999 _c33780
_d33780
003 NALT
005 20210325192650.0
008 s2520 th o tha d
040 _aNALT
086 _aนร 05 1/2519
110 2 _aสำนักนายกรัฐมนตรี.
_bสำนักงบประมาณ
_9619
245 1 0 _aผลงานของรัฐบาล ประจำปีงบประมาณ พ.ศ. 2519 /
_cสำนักงบประมาณ.
260 _aกรุงเทพฯ :
_bสำนักงบประมาณ,
_c2520.
300 _a552 หน้า :
_bตาราง ;
_c26 ซม.
650 4 _aผลงานรัฐบาล (เสนีย์ ปราโมช, ม.ร.ว.)
_944596
850 _aNALT
942 _cGOV
_2local
998 _cDAO
_j
_kCRON CRON